Major religions in contemporary world / (Record no. 125097)

MARC details
000 -LEADER
fixed length control field 00734nam a22002297a 4500
005 - DATE AND TIME OF LATEST TRANSACTION
control field 20170124105949.0
010 ## - LIBRARY OF CONGRESS CONTROL NUMBER
LC control number B-059469
020 ## - INTERNATIONAL STANDARD BOOK NUMBER
Terms of availability 00.00
International Standard Book Number 8172730462
035 ## - SYSTEM CONTROL NUMBER
System control number B-059469
037 ## - SOURCE OF ACQUISITION
Source of stock number/acquisition Cen Lib/Ret
040 ## - CATALOGING SOURCE
Original cataloging agency DPL
Language of cataloging EN
082 ## - DEWEY DECIMAL CLASSIFICATION NUMBER
Classification number 291
Item number GAN
100 ## - MAIN ENTRY--PERSONAL NAME
Personal name Gangchen, T.Y.S. Lama
9 (RLIN) 13000
245 ## - TITLE STATEMENT
Title Major religions in contemporary world /
Statement of responsibility, etc by T.Y.S. Lama Gangchen
260 ## - PUBLICATION, DISTRIBUTION, ETC. (IMPRINT)
Place of publication, distribution, etc Italy
Name of publisher, distributor, etc Authoraspress
Date of publication, distribution, etc 2001
270 ## - ADDRESS
City Italy
Address Lama Gangehen World Peace Foundation via Marco Polo 13, 20124 Milan
300 ## - PHYSICAL DESCRIPTION
Extent ix, 350p.
Dimensions 22cm(Hb)
500 ## - GENERAL NOTE
General note Includes bibliographical references and index
650 ## - SUBJECT ADDED ENTRY--TOPICAL TERM
Topical term or geographic name as entry element Religion
9 (RLIN) 80168
650 ## - SUBJECT ADDED ENTRY--TOPICAL TERM
Topical term or geographic name as entry element Faith
Geographic subdivision World
9 (RLIN) 13002
942 ## - ADDED ENTRY ELEMENTS (KOHA)
Source of classification or shelving scheme Dewey Decimal Classification
Koha item type English Books
Classification part 291
Call number suffix GAN
Holdings
Withdrawn status Lost status Damaged status Not for loan Home library Current library Date acquired Source of acquisition Cost, normal purchase price Total Checkouts Full call number Barcode Date last seen Date checked out Copy number Cost, replacement price Price effective from Koha item type
        Central Library Central Library 19/06/2015 Cen Lib/Ret 0.00 2 291 GAN B-059469 04/09/2019 22/08/2019 1 0.00 19/06/2015 English Books

© Delhi Public Library
Hit Counter
free hit counter